|
|
|
|
| LEADER |
00000nam a22000007a 4500 |
| 008 |
231013b |||||||| |||| 00| 0 eng d |
| 020 |
|
|
|a 9781138501867
|
| 245 |
|
|
|a the SECRET lives of anthropologists
|b lessons from the field
|c /edited by Bonnie L. Hewlett
|g xvi, 358p;ill
|
| 250 |
|
|
|c Hewlett, Bonnie L.
|
| 260 |
|
|
|b Routledge
|c 2020
|h New York
|i 700444
|i 700445
|l GN34.3.Se2
|m Anthropology-Fieldwork
|m Ethnology-Fieldwork
|m Anthropological ethics
|
| 500 |
|
|
|a it includes references and index
|
| 942 |
|
|
|a lcc
|c BK
|e Johnson
|f 13/10/23
|
| 952 |
|
|
|0 0
|1 0
|2 lcc
|4 0
|6 GN00343 S E2
|7 0
|9 4580
|a SSL
|b HOL
|c GJ
|d 2023-10-13
|l 0
|o GN34.3.Se2
|p 2023-0501
|r 2023-10-13 00:00:00
|t 700444
|w 2023-10-13
|y BK
|
| 952 |
|
|
|0 0
|1 0
|2 lcc
|4 0
|6 GN00343 S E2
|7 0
|9 4581
|a HOL
|b HOL
|c GJ
|d 2023-10-13
|l 0
|o GN34.3.Se2
|p 2023-0502
|r 2023-10-13 00:00:00
|t 700445
|w 2023-10-13
|y BK
|
| 999 |
|
|
|c 2298
|d 2298
|